Statistics for Countries with embassies and consulates in Somalia

Click here to take the quiz!

General Stats

  • This quiz has been taken 17 times
  • The average score is 10 of 13

Answer Stats

Continent Country % Correct
AsiaChina
94%
AfricaDjibouti
94%
AfricaKenya
94%
Asia/ EuropeTurkey
94%
AfricaEthiopia
88%
AfricaUganda
88%
AfricaSudan
81%
EuropeUnited Kingdom
81%
AsiaIran
75%
AsiaUnited Arab Emirates
75%
AsiaYemen
69%
AsiaQatar
63%
AfricaLibya
44%

Score Distribution

Percentile by Number Answered

Percent of People with Each Score

Your Score History

You have not taken this quiz